ARRUPE JESUIT UNIVERSITY

CORONAVIRUS -STOP THE SPREAD - CLEAN,DISINFECT,COVER

We have tomorrow : (Record no. 119445)

MARC details
000 -LEADER
fixed length control field 01054cam a22002894a 4500
001 - CONTROL NUMBER
control field 15827128
003 - CONTROL NUMBER IDENTIFIER
control field ARRUPE
005 - DATE AND TIME OF LATEST TRANSACTION
control field 20131220140148.0
008 - FIXED-LENGTH DATA ELEMENTS--GENERAL INFORMATION
fixed length control field 090721s2008 enkab b 001 0deng
010 ## - LIBRARY OF CONGRESS CONTROL NUMBER
LC control number 2009482190
020 ## - INTERNATIONAL STANDARD BOOK NUMBER
International Standard Book Number 9780859553155
040 ## - CATALOGING SOURCE
Original cataloging agency DLC
Transcribing agency DLC
050 00 - LIBRARY OF CONGRESS CALL NUMBER
Classification number DT30.5
Item number .M224 2008
082 04 - DEWEY DECIMAL CLASSIFICATION NUMBER
Classification number 960.326
Edition number 22
300 ## - PHYSICAL DESCRIPTION
Other physical details ill., 1 map ;
Dimensions 25 cm.
100 1# - MAIN ENTRY--PERSONAL NAME
Personal name Mackay, Peter.
9 (RLIN) 6294
245 10 - TITLE STATEMENT
Title We have tomorrow :
Remainder of title stirrings in Africa, 1959-1967 /
Statement of responsibility, etc Peter Mackay ; with an introduction by Terence Ranger.
260 ## - PUBLICATION, DISTRIBUTION, ETC. (IMPRINT)
Place of publication, distribution, etc Norwich [England] :
Name of publisher, distributor, etc Michael Russell,
Date of publication, distribution, etc 2008.
300 ## - PHYSICAL DESCRIPTION
Extent xx, 356 p. :
504 ## - BIBLIOGRAPHY, ETC. NOTE
Bibliography, etc Includes bibliographical references.
650 #0 - SUBJECT ADDED ENTRY--TOPICAL TERM
Topical term or geographic name as entry element Whites
Geographic subdivision Zimbabwe
Form subdivision Biography.
9 (RLIN) 6295
650 #0 - SUBJECT ADDED ENTRY--TOPICAL TERM
Topical term or geographic name as entry element Men, White
Geographic subdivision Zimbabwe
Form subdivision Biography.
9 (RLIN) 6296
651 #0 - SUBJECT ADDED ENTRY--GEOGRAPHIC NAME
Geographic name Africa
General subdivision Politics and government
Chronological subdivision 1960-.
9 (RLIN) 6297
651 #0 - SUBJECT ADDED ENTRY--GEOGRAPHIC NAME
Geographic name Zimbabwe
General subdivision History
Chronological subdivision 1965-1980.
9 (RLIN) 6298
906 ## - LOCAL DATA ELEMENT F, LDF (RLIN)
a 7
b cbc
c origres
d 2
e ncip
f 20
g y-gencatlg
942 ## - ADDED ENTRY ELEMENTS (KOHA)
Source of classification or shelving scheme Library of Congress Classification
Koha item type Monograph ( Printed materials)
Holdings
Withdrawn status Lost status Source of classification or shelving scheme Damaged status Not for loan Home library Current library Date acquired Total Checkouts Full call number Barcode Date last seen Price effective from Koha item type
    Library of Congress Classification     ARRUPE LIBRARY ARRUPE LIBRARY 20/12/2013   SPC DT30.5 .M224 2008 464122889 20/12/2013 20/12/2013 Monograph ( Printed materials)

 

Arrupe Library. PO Box MP320 Mt Pleasant, Harare, Zimbabwe
263 242 745411|librarian@aju.ac.zw